000 00589nam a2200205 a 4500
001 000008220
005 20260120073950.0
008 090915s1998 dr 001 0 spa d
040 _aDO-SdBNP
_bspa
_cBNPHU
082 _a158.1
_bT693e
100 1 _aTorres, Ana R.
_922285
245 1 0 _aEspacios.
260 _aSanto Domingo :
_bMetropolitana,
_c1998.
300 _a69 p. ;
_c20 cm.
590 _aInventariado, 2018/MFF
650 4 _aReflexĂ­on (filosofĂ­a)
_97164
650 0 _aVida espiritual
_9268
650 0 _a Calidad de vida
_985379
910 _aValidado. Control de calidad MMOLINA
999 _c7991
_d7991